000 00348nam a2200157Ia 4500
100 _aChatterjee/Indrajit
650 _aE commerce
942 _cBK
366 _f25
654 _ae commerce
245 _aE commerce: An indian perspective
260 _bSci tech
_c2010
082 _a658.84
_bCHA
546 _aENGLISH
_celectronics
999 _c25948
_d25948